|
|
|
|
| LEADER |
01663cas a2200241 a 4500 |
| 001 |
AALejournalIMF007170 |
| 008 |
230101c9999 xx r poo 0 0eng d |
| 020 |
|
|
|c 5.00 USD
|
| 020 |
|
|
|z 9781455279586
|
| 022 |
|
|
|a 1934-7685
|
| 040 |
|
|
|a BD-DhAAL
|c BD-DhAAL
|
| 110 |
2 |
|
|a International Monetary Fund.
|
| 245 |
1 |
0 |
|a Republic of Belarus :
|b Ex Post Evaluation of Exceptional Access Under the 2009 Stand-By Arrangement.
|
| 264 |
|
1 |
|a Washington, D.C. :
|b International Monetary Fund,
|c 2011.
|
| 300 |
|
|
|a 1 online resource (37 pages)
|
| 490 |
1 |
|
|a IMF Staff Country Reports
|
| 500 |
|
|
|a <strong>Off-Campus Access:</strong> No User ID or Password Required
|
| 500 |
|
|
|a <strong>On-Campus Access:</strong> No User ID or Password Required
|
| 506 |
|
|
|a Electronic access restricted to authorized BRAC University faculty, staff and students
|
| 520 |
3 |
|
|a Belarus was hard hit by the global economic crisis. An exceptional access Stand-By Arrangement (SBA) was, therefore, agreed in early 2009. The program was generally successful and most program conditions were met. The program was overall well designed, but with some shortcomings. While in part owing to external shocks, those problems experienced under the program also reflected rapid directed lending. Lessons from the review are many, the main one is the criticality of incorporating fully ownership, including at the highest levels, in program design and conditionality.
|
| 538 |
|
|
|a Mode of access: Internet
|
| 830 |
|
0 |
|a IMF Staff Country Reports; Country Report ;
|v No. 2011/099
|
| 856 |
4 |
0 |
|z Full text available on IMF
|u http://elibrary.imf.org/view/journals/002/2011/099/002.2011.issue-099-en.xml
|z IMF e-Library
|